Ricostruisci la Carriera del Calciatore - Attilio Lombardo - Statistics

Statistiche generali
  • Questo quiz è stato fatto 6 volte
  • Il punteggio medio è 4 su 7
Statistiche sulle risposte
Hint Risposta % Corretto
1983-1985 Pergocrema
100%
1985-1989 Cremonese
75%
1989-1995 Sampdoria
75%
1995-1997 Juventus
50%
1999-2001 Lazio
25%
2001-2002 Sampdoria
25%
1997-1999 Crystal Palace
0%
Nessun quiz corrispondente trovato
Distribuzione punteggi
Percentuale di utenti per punteggio
Percentile per numero di risposta
I tuoi punteggi nel tempo
Non hai fatto questo quiz